[Event "Seville op 45th"]
[Site "Seville"]
[Date "2020.01.11"]
[Round "2"]
[White "Maza Lopez de los Mozos, Santiago"]
[Black "Lu, Shanglei"]
[Result "0-1"]
[WhiteElo "2006"]
[BlackElo "2611"]
[PlyCount "96"]
[EventDate "2020.01.10"]
[EventType "swiss"]
[EventRounds "9"]
[EventCountry "ESP"]
[SourceTitle "CBM 194 Extra"]
[Source "ChessBase"]
[SourceDate "2020.03.31"]
[SourceVersion "1"]
[SourceVersionDate "2020.03.31"]
[SourceQuality "1"]

1. e4 c5 2. Nf3 e6 3. Nc3 Nc6 4. Bb5 Nge7 5. 0-0 a6 6. Bxc6 Nxc6 7. d3 Be7 8. Re1 0-0 9. b3 b5 10. e5 f6 11. Bd2 Bb7 12. Rb1 fxe5 13. Nxe5 Nd4 14. Ne4 d6 15. Ng4 Qe8 16. c3 Nf5 17. Ne3 Nh4 18. Qg4 Qf7 19. Re2 Ng6 20. Nf1 e5 21. Ng5 Qd5 22. Qe4 h6 23. Qxd5+ Bxd5 24. Ne4 c4 25. dxc4 bxc4 26. Nfg3 Rab8 27. b4 a5 28. a3 Bc6 29. Be3 h5 30. f3 h4 31. Nf1 h3 32. Nfd2 axb4 33. axb4 hxg2 34. Rxg2 Nh4 35. Bg5 Bxg5 36. Nxg5 Nxg2 37. Kxg2 d5 38. Re1 Rf5 39. h4 Ra8 40. Kg3 Ra3 41. Rc1 Rf8 42. Kg4 Bd7+ 43. Kg3 Rfa8 44. Nf1 Bc6 45. Ne3 d4 46. cxd4 Rxe3 47. dxe5 Bd5 48. Kf4 Re2 0-1

[Event "Seville op 43rd"]
[Site "Seville"]
[Date "2018.01.13"]
[Round "2"]
[White "Pap, Misa"]
[Black "Maza Lopez de los Mozos, Santiago"]
[Result "1-0"]
[WhiteElo "2491"]
[BlackElo "2016"]
[PlyCount "55"]
[EventDate "2018.01.12"]
[EventType "swiss"]
[EventRounds "9"]
[EventCountry "ESP"]
[SourceTitle "CBM 182 Extra"]
[Source "ChessBase"]
[SourceDate "2018.02.23"]
[SourceVersion "1"]
[SourceVersionDate "2018.02.23"]
[SourceQuality "1"]

1. e4 c6 2. d4 d5 3. Nd2 dxe4 4. Nxe4 Nf6 5. Nxf6+ exf6 6. c3 Bd6 7. Bd3 0-0 8. Qc2 Re8+ 9. Ne2 h6 10. 0-0 Nd7 11. Ng3 Nf8 12. Bd2 Qc7 13. Rfe1 Bd7 14. c4 Ne6 15. Bc3 a5 16. c5 Bf8 17. Nh5 b6 18. Re3 bxc5 19. dxc5 Kh8 20. Rg3 Qa7 21. Nxf6 Bxc5 22. Bc4 Ng5 23. Rxg5 Bxf2+ 24. Kh1 g6 25. Rxg6 fxg6 26. Qxg6 Bf5 27. Nxe8+ Bd4 28. Qg8# 1-0

[Event "Seville op 32nd"]
[Site "Seville"]
[Date "2007.01.10"]
[Round "4"]
[White "Teran Alvarez, Ismael"]
[Black "Maza Lopez de los Mozos, Santiago"]
[Result "1-0"]
[WhiteElo "2417"]
[BlackElo "2060"]
[PlyCount "41"]
[EventDate "2007.01.07"]
[EventType "swiss"]
[EventRounds "9"]
[EventCountry "ESP"]
[SourceTitle "CBM 116 Extra"]
[Source "ChessBase"]
[SourceDate "2007.03.07"]
[SourceVersion "1"]
[SourceVersionDate "2007.03.07"]
[SourceQuality "1"]

1. e4 c6 2. d4 d5 3. e5 Bf5 4. Be2 e6 5. Nf3 Nd7 6. 0-0 Ne7 7. Be3 c5 8. c4 Qc7 9. Nc3 a6 10. cxd5 Nxd5 11. Nxd5 exd5 12. dxc5 Rd8 13. Nd4 Be6 14. f4 g6 15. Rc1 Nb8 16. b4 Nc6 17. b5 Nxd4 18. Bxd4 axb5 19. Bxb5+ Bd7 20. Bxd7+ Qxd7 21. e6 1-0